Flags with hands #6 - Statistics

General Stats
  • This quiz has been taken 15 times
  • The average score is 14 of 16
Answer Stats
Picture Answer % Correct
Bahrain
100%
India
100%
Bangladesh
88%
Eritrea
88%
Ethiopia
88%
Germany
88%
Kiribati
88%
Micronesia
88%
North Macedonia
88%
Qatar
88%
San Marino
88%
Saudi Arabia
88%
United States
88%
Azerbaijan
75%
South Sudan
75%
Sudan
75%
No matching quizzes found
Score Distribution
Percent of People with Each Score
Percentile by Number Answered
Your Score History
You have not taken this quiz